000 00894nam a2200241 i 4500
001 26719
003 ES-MaACL
005 20230906153505.0
007 t|
008 030110s1949 it ||||1| spa d
100 1 _aAurigemma, Salvatore.
_9173330
245 1 4 _aLas Termas de Diocleciano y el Museo Nacional Romano /
_cSalvatore Aurigemma.
260 _aRoma :
_bEnte provinciale per il turismo,
_c1949.
300 _a32 p. :
_bil. ;
_c17 cm.
490 1 _aPequeña guía de los museos y de las galerías de Roma
610 2 4 _aTermas de Diocleciano (Roma, Ciudad)
_9173323
610 2 4 _aMuseo nazionale romano.
_9173324
651 4 _aRoma (Ciudad)-
_xEdificios, estructuras, etc.
_9157489
710 2 _aEnte provinciale per il turismo (Roma)
_93480
830 1 _aPequeña guía de los museos y de las galerías de Roma
_9181931
852 _aES-MaACL
_j1939-F-6
999 _c26719
_d26719